Design of machinery an introduction to the synthesis and analysis of mechanisms and machines

Through its reader-friendly style of writing, clear exposition of complex topics, and emphasis on synthesis and design, the text succeeds in conveying the art of design as well as the use of modern tools needed for analysis of the kinematics and dynamics of machinery. Numerous two-color illustration...

全面介绍

Đã lưu trong:
书目详细资料
主要作者: Norton, Robert L
格式: 图书
语言:Undetermined
出版: Dubuque, IA McGraw-Hill 1999
主题:
标签: 添加标签
没有标签, 成为第一个标记此记录!
Thư viện lưu trữ: Trung tâm Học liệu Trường Đại học Cần Thơ
LEADER 01306nam a2200229Ia 4500
001 CTU_157946
008 210402s9999 xx 000 0 und d
020 |c 358000 
082 |a 621.815 
082 |b N887/1999 
100 |a Norton, Robert L 
245 0 |a Design of machinery 
245 3 |b an introduction to the synthesis and analysis of mechanisms and machines 
245 0 |c Robert L. Norton 
260 |a Dubuque, IA 
260 |b McGraw-Hill 
260 |c 1999 
520 |a Through its reader-friendly style of writing, clear exposition of complex topics, and emphasis on synthesis and design, the text succeeds in conveying the art of design as well as the use of modern tools needed for analysis of the kinematics and dynamics of machinery. Numerous two-color illustrations are used throughout to provide a visual approach to understanding mechanisms and machines. Analytical synthesis of linkages is covered, and cam design is given a more thorough, practical treatment than found in other texts 
650 |a Machine design,Machinery, Kinematics of,Machinery, Dynamics of,Thiết kế chi tiết máy,Máy móc,Máy móc 
650 |x Chuyển động học,Động lực học 
904 |i Trọng Hiếu 
980 |a Trung tâm Học liệu Trường Đại học Cần Thơ